Statistiken für Top 15 der betroffenen Covid-19-Länder - 10. Mai

Klicken Sie hier um das Quiz zu spielen!

Allgemein

  • Dieses Quiz wurde 10 mal gespielt
  • Das Durchschnittsergebnis liegt bei 17 aus 24

Antwortstatistiken

Land% Korrekt
China
100%
Deutschland
100%
Spanien
100%
Vereinigte Staaten
100%
Frankreich
90%
Italien
90%
Kanada
90%
Vereinigtes Königreich
90%
Brasilien
80%
Russland
80%
Schweden
80%
Belgien
70%
Iran
70%
Schweiz
70%
Indien
60%
Niederlande
60%
Portugal
60%
Türkei
60%
Irland
50%
Peru
50%
Weißrussland
40%
Bahrain
30%
Katar
30%
Singapur
20%

Verteilung der Resultate

Perzentil nach korrekt beantworteten Fragen

Anzahl Personen mit jedem Resultat

Ihre Resultats-Entwicklung

Sie haben dieses Quiz noch nicht gespielt